000 00743nam a2200265 i 4500
001 C2-0332259
003 PPAK
005 20180728132509.0
008 150722s2014 my a|||| ||||| | may d
020 _a9789670525433
040 _aPPAK
_beng
_cPPAK
_erda
082 0 4 _a899.233
_223
090 0 0 _a899.233
_bNOR
_dG
100 0 _aNorazizah Abdul Rahman,
_eauthor
245 1 0 _aEncik Sotong
264 1 _aBatu Caves, Selangor :
_bYamani Angle Sdn. Bhd. ,
_c2014
300 _a118 pages :
_billustrations ;
_c19 cm
336 _2rdacontent
_atext
337 _2rdamedia
_aunmediated
338 _2rdacarrier
_avolume
490 1 _aSiri motivasi remaja
650 1 0 _aMalay fiction.
830 0 _aSiri motivasi remaja
942 _ddc
_cB
999 _c130922
_d130922